| 000 | 01417cam a2200397 a 4500 | ||
|---|---|---|---|
| 999 |
_c46892 _d46892 |
||
| 001 | 002047074 | ||
| 005 | 20190617155212.0 | ||
| 008 | 951120s1998 enk 000 0 eng d | ||
| 010 | _agb 95077425 | ||
| 020 | _a9780946462384 | ||
| 020 | _a0946462380 | ||
| 035 | _aocm33278075 | ||
| 035 | _a(PGC)39152 | ||
| 040 |
_aUKM _cUKM _dPGC |
||
| 042 | _anbic | ||
| 100 | 1 |
_aEdwards, Jonathan, _d1703-1758. |
|
| 245 | 1 | 0 |
_aGod at work? : _bsigns of true revival / _cby Jonathan Edwards. |
| 250 | _a2nd. | ||
| 260 |
_aEngland : _bGrace Publications Trust, _cc1995. |
||
| 300 |
_a94 p. ; _c20 cm. |
||
| 336 | _atext | ||
| 337 | _aunmediated | ||
| 338 | _avolume | ||
| 440 | 0 |
_aGreat Christian classics ; _vno. 14. |
|
| 500 | _aAn easier to read and abridged version of "The distinguishing marks of a work of the spirit of God" by Jonathan Edwards. Originally published: Boston, Mass., 1741. | ||
| 526 | 0 |
_a國科會補助人文及社會科學研究圖書計畫 : _c美國哲學 |
|
| 526 | 0 |
_aNSC Humanities and Social Sciences Program : _cAmerican Philosophy. |
|
| 650 | 0 |
_aHoly Spirit _vEarly works to 1800. |
|
| 650 | 0 | _aGreat Awakening. | |
| 650 | 0 | _aRevivals. | |
| 650 | 0 |
_aEmotions _xReligious aspects. |
|
| 650 | 0 |
_aEvangelistic sermons _vEarly works to 1800. |
|
| 650 | 0 |
_aCongregational churches _vEarly works to 1800. |
|
| 650 | 0 |
_aSermons, American _vEarly works to 1800. |
|
| 942 |
_2lcc _cBK |
||